Introductory corporate accounting : (Record no. 104436)

MARC details
000 -LEADER
fixed length control field 00608nam a22001937a 4500
005 - DATE AND TIME OF LATEST TRANSACTION
control field 20161110123102.0
010 ## - LCCN (DPL NO)
LC control number ENG-116414
020 ## - INTERNATIONAL STANDARD BOOK NUMBER
International Standard Book Number 9788180549052
Terms of availability 215.00
035 ## - SYSTEM CONTROL NUMBER
System control number EN-99946
037 ## - SOURCE OF ACQUISITION
Source of stock number/acquisition DBAD/PUB
082 ## - DEWEY DECIMAL CLASSIFICATION NUMBER
Classification number 657.950954
100 ## - MAIN ENTRY--PERSONAL NAME
Personal name Gupta,R.L.
245 ## - TITLE STATEMENT
Title Introductory corporate accounting :
Statement of responsibility, etc by R.L.Gupta [and] V.K. Gupta
Remainder of title for B.Com semester-II university of Delhi /
250 ## - EDITION STATEMENT
Edition statement 3rd revi.
260 ## - PUBLICATION, DISTRIBUTION, ETC. (IMPRINT)
Place of publication, distribution, etc New Delhi
Name of publisher, distributor, etc Sultan Chand
Date of publication, distribution, etc 2012
270 ## - ADDRESS
Address 23,Daryaganj
City New Delhi
Postal code 110002
300 ## - PHYSICAL DESCRIPTION
Extent various pagings
Dimensions 22cm(pbk)
942 ## - ADDED ENTRY ELEMENTS (KOHA)
Source of classification or shelving scheme Dewey Decimal Classification
Item type English Books
Call number suffix GUP
Classification part 657.950954
Holdings
Withdrawn status Lost status Not for loan Collection code Home library Current library Date acquired Source of acquisition Cost, normal purchase price Full call number Barcode Copy number Cost, replacement price Koha item type
    Not For Loan Non-fiction D.B.Act.Division D.B.Act.Division 31/10/2016 DBAD/PUB 215.00 657.950954 GUP EN-99946 1 215.00 English Books

© Delhi Public Library
Hit Counter
free hit counter